000 01929nam a2200313Ia 4500
999 _c54797
_d54797
001 21866
003 GE_BSU
005 20220616173856.0
008 181216s ||||ge |||||||||||||| ||geo||
020 _a9781847102317(ინგლ.გამოც-ს)
040 _cGE_BSU
041 _ageo
080 _a657.6+338 ბ-95
245 _aბუღალტერი ბიზნესში წიგნი F1:
_b სრული ტექსტი /
_cწიგნის თარგმანზე და გამოცემაზე მუშაობდნენ : პროექტის ხელმძღვ-ლი ლ. ჭუმბურიძე ; პროექტ. კოორდ. კ. დათიაშვილი ; მთარგმნ. ნ. კვარაცხელია ; რედ. მ. გველესიანი.
264 _aთბილისი :
_bდანი,
_c2011.
300 _a644 გვ. ;
_c29 სმ.
490 _aACCA ინგლისისა და უელსის ნაფიც სერტიფიცირებულ ბუღალტერთა ასოციაცია
541 _h29 ლ. 50თ.
546 _aპარალელური სათაური ინგლისურ ენაზე
653 _aბუღალტერი ბიზნესში
653 _aწიგნი F1
653 _aეკონომიკა
653 _aსრული ტექსტი
700 _aჭუმბურიძე, ლ.
_eპროექტის ხელმძღვანელი
_914123
700 _aდათიაშვილი, კ.
_eპროექტის კოორდინატორი
_914124
700 _aკვარაცხელია, ნ.
_eმთარგმნელი
_914125
700 _aგველესიანი, მ.
_eრედაქტორი
_914108
942 _cBK
_2udc